00539nam a22002057a 450000500170000001000150001702000110003203500130004303700130005608200140006910000160008324500630009926000480016227000590021030000280026965000200029765000100031770000030032770000030033020100819113936.0 aENG-100948 c750.00 aEN-84481 bDBAD/PUB a374.95403 aShah, S. Y. aAn encyclopedia of Indian adult education /cby S. Y. Shah aNew Delhi bNational Literacy Missionc1999 a10, Jamnagar House, Shahjahan RoadbNew Delhie1100011 avii, 365 p. b29cm (Hb) aAdult education zIndia